| 000 | 00492nam a22001691a 4500 | ||
|---|---|---|---|
| 001 | 3960 | ||
| 003 | OSt | ||
| 005 | 20260204211910.0 | ||
| 008 | 050530s1989||||dr ||||||b||||||||||spa|| | ||
| 050 | _aRD 332.7293 M366i | ||
| 100 | _aMartinez Moya, Arturo | ||
| 245 | _aInflación y estancamiento / Arturo Martínez Moya | ||
| 264 | _aSanto Domingo : Centro de Estudios Monetarios y Bancarios | ||
| 300 | _a189 p | ||
| 650 | _a1.Economía Financiera - República DominicanaÌ | ||
| 942 |
_2ddc _cBK |
||
| 999 |
_c3960 _d3960 |
||